Rumunia - Podział administracyjny (Okręgi) - Statystyki

Ogólne statystyki
  • Ten quiz został rozwiązany 24 razy
    7 od ostatniego zresetowania
  • Średni wynik to 12 z 42
Odpowiedzi na mapie
Odpowiedzi zakodowano w zielono-czerwonej skali na mapie do tego quizu, zgodnie z poniższymi procentami.
 
Statystyki odpowiedzi
Okręg % Poprawnych
Bukareszt
100%
Kluż
71%
Jassy
57%
Konstanca
57%
Arad
43%
Braszów
43%
Alba
29%
Aluta
29%
Ardżesz
29%
Bacău
29%
Bihor
29%
Botoszany
29%
Braiła
29%
Buzău
29%
Călărași
29%
Dolj
29%
Dymbowica
29%
Gałacz
29%
Giurgiu
29%
Gorj
29%
Harghita
29%
Hunedoara
29%
Ilfov
29%
Marmarosz
29%
Marusza
29%
Mehedinți
29%
Neamț
29%
Sălaj
29%
Satu Mare
29%
Tulcza
29%
Vâlcea
29%
Covasna
14%
Jałomica
14%
Suczawa
14%
Teleorman
14%
Temesz
14%
Vrancea
14%
Bistrița-Năsăud
0%
Caraș-Severin
0%
Prahova
0%
Sybin
0%
Vaslui
0%
Nie znaleziono quizów pasujących do podanych kryteriów
Rozkład punktacji
Procent ludzi z każdym wynikiem
Percentyl według liczby udzielonych odpowiedzi
Twoja historia wyników
Nie rozwiązałeś tego quizu od ostatniego zresetowania